000 00468nam a2200145Ia 4500
008 220326s9999||||xx |||||||||||||| ||und||
020 _a979-456-032-4
084 _a10100 DEV Gov Bo.2b.ad-2
100 _aNick Devas,Brian B.,Anne B.,Kenneth D., Roy K.
245 0 _aKeuangan Pemerintah Daerah di Indonesia
260 _aJakarta
_bUI Press
_c1989
300 _axii + 323 halaman
650 _aGovernment (Pemerintahan)
_eG-O-V
_yKeuangan Pemerintah daerah
942 _cBK
999 _c12653
_d12653